Dr. B.R. Ambedkar; (Record no. 199517)
[ view plain ]
| 000 -LEADER | |
|---|---|
| fixed length control field | 00814nam a22002057a 4500 |
| 005 - DATE AND TIME OF LATEST TRANSACTION | |
| control field | 20231219114931.0 |
| 008 - FIXED-LENGTH DATA ELEMENTS--GENERAL INFORMATION | |
| fixed length control field | 110317t xxu||||| |||| 00| 0 eng d |
| 010 ## - LCCN (DPL NO) | |
| LC control number | B-756681-684 ENG-18.10.23 |
| 020 ## - INTERNATIONAL STANDARD BOOK NUMBER | |
| International Standard Book Number | 9789391523862 |
| Terms of availability | 599.00 |
| 035 ## - SYSTEM CONTROL NUMBER | |
| System control number | B-756681-684 |
| 037 ## - SOURCE OF ACQUISITION | |
| Source of stock number/acquisition | Pansy Books |
| 082 ## - DEWEY DECIMAL CLASSIFICATION NUMBER | |
| Classification number | 921 |
| 100 1# - MAIN ENTRY--PERSONAL NAME | |
| 9 (RLIN) | 26630 |
| Personal name | Bhatia, Ravi |
| 245 10 - TITLE STATEMENT | |
| Title | Dr. B.R. Ambedkar; |
| Remainder of title | A Radical Thinker and Massiah ofDalit/ |
| Statement of responsibility, etc | By - Ravi Bhatia |
| 260 ## - PUBLICATION, DISTRIBUTION, ETC. (IMPRINT) | |
| Place of publication, distribution, etc | Delhi |
| Name of publisher, distributor, etc | R. Sons Books |
| Date of publication, distribution, etc | 2023 |
| 270 ## - ADDRESS | |
| Address | Ho. No. 1658, Gali No. 18, Nathu Colony Nathupura, |
| City | Delhi |
| Postal code | 110084 |
| 300 ## - PHYSICAL DESCRIPTION | |
| Extent | 284p. |
| Dimensions | 21cm (HB) |
| 942 ## - ADDED ENTRY ELEMENTS (KOHA) | |
| Source of classification or shelving scheme | Dewey Decimal Classification |
| Item type | English Books |
| Call number suffix | BHA |
| Classification part | 921 |
| Withdrawn status | Lost status | Source of classification or shelving scheme | Damaged status | Not for loan | Collection code | Home library | Current library | Date acquired | Source of acquisition | Cost, normal purchase price | Total Checkouts | Total Renewals | Full call number | Barcode | Date last seen | Copy number | Cost, replacement price | Koha item type | Checked out |
|---|---|---|---|---|---|---|---|---|---|---|---|---|---|---|---|---|---|---|---|
| Dewey Decimal Classification | Non-fiction | Ashok Vihar | Ashok Vihar | 19/12/2023 | Pansy Books/187/5.12.23/44/23.11.23/6.12.23 | 599.00 | 3 | 1 | BHA 921 | B-756682 | 05/02/2026 | 1 | 599.00 | English Books | |||||
| Dewey Decimal Classification | Non-fiction | Central Library | Central Library | 19/12/2023 | Pansy Books/187/5.12.23/44/23.11.23/6.12.23 | 599.00 | 4 | 1 | BHA 921 | B-756681 | 17/05/2025 | 1 | 599.00 | English Books | |||||
| Dewey Decimal Classification | Non-fiction | Sarojini Nagar | Sarojini Nagar | 19/12/2023 | Pansy Books/187/5.12.23/44/23.11.23/6.12.23 | 599.00 | 2 | BHA 921 | B-756683 | 04/09/2025 | 1 | 599.00 | English Books | ||||||
| Dewey Decimal Classification | Non-fiction | Shahdara Branch | Shahdara Branch | 19/12/2023 | Pansy Books/187/5.12.23/44/23.11.23/6.12.23 | 599.00 | 1 | BHA 921 | B-756684 | 27/02/2024 | 1 | 599.00 | English Books | 12/03/2024 |
